Nữ sinh Truyện dài
v.v
Đã lưu trong:
| Tác giả chính: | |
|---|---|
| Định dạng: | Sách |
| Năm xuất bản: |
Tp.Hồ Chí Minh
NxbTrẻ
2005
|
| Phiên bản: | In lần thứ 10 |
| Chủ đề: | |
| Tags: |
Thêm thẻ
Không có thẻ, Hãy là người đầu tiên gắn thẻ bản ghi này!
|
| LEADER | 00658nam a2200181 4500 | ||
|---|---|---|---|
| 082 | |a 895.922334 |b NG527NH | ||
| 100 | |a Nguyễn Nhật Ánh | ||
| 245 | |a Nữ sinh |c Nguyễn Nhật Ánh |b Truyện dài | ||
| 250 | |a In lần thứ 10 | ||
| 260 | |a Tp.Hồ Chí Minh |b NxbTrẻ |c 2005 | ||
| 300 | |a 192 tr. |c 18 cm | ||
| 520 | |a v.v | ||
| 653 | |a Văn học cổ đại | ||
| 653 | |a Trung Quốc | ||
| 653 | |a Truyện ngắn | ||
| 942 | |2 ddc |c SH | ||
| 999 | |c 5477 |d 5477 | ||
| 952 | |0 0 |1 0 |2 ddc |4 0 |6 895_922334000000000_NG527NH |7 0 |8 800 |9 51318 |a qbu |b qbu |c D5 |d 2014-12-24 |g 35000 |l 3 |o 895.922334 NG527NH |p 3400.c1 |r 2016-09-19 |s 2016-09-06 |w 2014-12-24 |y SH |0 0 |6 895_922334000000000_NG527NH | ||